000 00580nam a2200193Ia 4500
005 20260114185841.0
008 008 260114s9999 xx 000 0 eng d
020 _a9780755604012
037 _aEBOOK
040 _aCRL
_beng
_cCRL
041 _aeng
_2eng
084 _qCRL
100 _aJoan Gibbons
_9875171
245 0 _aContemporary Art and Memory Images of Recollection and Remembrance
260 _bBloomsbury
_c2007
856 _uhttps://doi.org/10.5040/9780755604012?locatt=label:secondary_bloomsburyCollections
942 _cEBOOK
999 _c1474105
_d1474105